000 00688nam a2200229Ia 4500
001 15931
003 GE_BSU
008 181216s||||||||xx |||||||||||||| ||und||
040 _cGE_BSU
080 _a821.353.1-1
100 _aხვედელიძე, ნოდარ
245 _aფიქრის ერთი დღე
245 _bლექსები
245 _cრედ. დ.ახობაძე. მხ. გ.ნემსაძე
260 _aთბილისი
260 _bმერანი
260 _c1987
300 _a110გვ. ; 16სმ
653 _aლექსები
653 _aფიქრის ერთი დღე
942 _cBK
999 _c49026
_d49026